[Event "Toronto Closed"]
[Site "Toronto CAN"]
[Date "2011.02.13"]
[Round "6"]
[White "Aronov, Yuri"]
[Black "Birarov, Vladimir"]
[Result "1/2-1/2"]
[WhiteElo "2313"]
[BlackElo "2257"]
[PlyCount "98"]
[GameId "2160767909812795"]
[EventDate "2011.01.23"]
[EventType "tourn"]
[EventRounds "7"]
[EventCountry "CAN"]
[SourceTitle "EXT 2022"]
[Source "ChessBase"]
[SourceDate "2021.10.06"]
[SourceVersion "1"]
[SourceVersionDate "2021.10.06"]
[SourceQuality "1"]

1. d4 Nf6 2. c4 e6 3. Nf3 Bb4+ 4. Nbd2 d5 5. Qa4+ Nc6 6. a3 Bd6 7. b4 Bd7 8. b5 Nb8 9. c5 Be7 10. e3 O-O 11. Rb1 Be8 12. Qc2 c6 13. bxc6 Bxc6 14. Ne5 Qc7 15. Bd3 Nbd7 16. Ndf3 Nxe5 17. Nxe5 Rfc8 18. Qb3 Rab8 19. O-O Bxc5 20. Nxf7 Qxf7 21. dxc5 e5 22. Bb2 Re8 23. f4 exf4 24. Rxf4 Qe6 25. Bd4 Rf8 26. Rbf1 Rbe8 27. Rh4 g6 28. Rhf4 Ng4 29. Qd1 Rxf4 30. Rxf4 Nxe3 31. Qf3 Nc4 32. h3 Ne5 33. Qf1 Nxd3 34. Qxd3 Qe2 35. Qg3 Qd1+ 36. Kh2 Re1 37. Qg5 Rh1+ 38. Kg3 Qe1+ 39. Rf2 Qe6 40. Qf4 Qe7 41. Bf6 Qe8 42. Qc7 Bd7 43. Qd6 Qe3+ 44. Rf3 Qe1+ 45. Kf4 Qe6 46. Qb8+ Bc8 47. Be5 Qf5+ 48. Kg3 Qg5+ 49. Kf2 Qd2+ 1/2-1/2

[Event "Toronto Closed"]
[Site "Toronto CAN"]
[Date "2011.03.01"]
[Round "6"]
[White "Plotkin, Victor"]
[Black "Moffat, Andrei"]
[Result "1-0"]
[WhiteElo "2403"]
[BlackElo "2248"]
[PlyCount "61"]
[GameId "2160767909812798"]
[EventDate "2011.01.23"]
[EventType "tourn"]
[EventRounds "7"]
[EventCountry "CAN"]
[SourceTitle "EXT 2022"]
[Source "ChessBase"]
[SourceDate "2021.10.06"]
[SourceVersion "1"]
[SourceVersionDate "2021.10.06"]
[SourceQuality "1"]

1. e4 c5 2. c3 d5 3. exd5 Qxd5 4. d4 Nc6 5. Nf3 cxd4 6. cxd4 Bg4 7. Be2 e6 8. Nc3 Qa5 9. h3 Bh5 10. O-O Nf6 11. Be3 Bb4 12. Qb3 O-O 13. Rfd1 Rfd8 14. a3 Bxc3 15. bxc3 e5 16. g4 exd4 17. cxd4 Bg6 18. Qxb7 Be4 19. Qb2 Rab8 20. Qd2 Qa4 21. Nh4 Na5 22. Bg5 Nb3 23. Qe3 Re8 24. Bxf6 gxf6 25. Ra2 Rbd8 26. Qh6 Nxd4 27. Re1 Nxe2+ 28. Raxe2 Rd1 29. Qxf6 Rxe1+ 30. Rxe1 Qxa3 31. Nf5 1-0

[Event "Toronto Closed"]
[Site "Toronto CAN"]
[Date "2011.03.20"]
[Round "7"]
[White "Guo, Joshua"]
[Black "Plotkin, Victor"]
[Result "1/2-1/2"]
[WhiteElo "2263"]
[BlackElo "2403"]
[PlyCount "101"]
[GameId "2160767909812802"]
[EventDate "2011.01.23"]
[EventType "tourn"]
[EventRounds "7"]
[EventCountry "CAN"]

1. e4 d6 2. d4 e5 3. Nf3 exd4 4. Qxd4 Nf6 5. Bg5 Be7 6. Nc3 O-O 7. Bc4 Nc6 8. Qd2 a6 9. a4 Bg4 10. O-O Bxf3 11. gxf3 Qd7 12. Be2 h6 13. Be3 Rad8 14. Nd5 Nxd5 15. Qxd5 Qh3 16. f4 Nb4 17. Qb3 d5 18. c3 d4 19. cxb4 dxe3 20. Qxe3 Qxe3 21. fxe3 Bxb4 22. Rfd1 Bd2 23. Kf2 Rd7 24. b3 Rfd8 25. Kf3 Kf8 26. Ra2 c6 27. Bf1 Ke7 28. Ke2 Bb4 29. Rxd7+ Kxd7 30. Ra1 Kc7 31. Rd1 Rxd1 32. Kxd1 f6 33. h4 g5 34. fxg5 fxg5 35. hxg5 hxg5 36. Bh3 b5 37. Kc2 Kd6 38. Kd3 Bc5 39. Bc8 a5 40. Bg4 Bb6 41. Bf3 Ke5 42. Bg4 Kd6 43. Bf3 Ke5 44. Bg4 Bc7 45. axb5 cxb5 46. Bd7 b4 47. Bg4 Kd6 48. Bf5 Kc5 49. Bd7 Be5 50. Be6 Kd6 51. Bg4 1/2-1/2

[Event "Toronto Closed"]
[Site "Toronto CAN"]
[Date "2011.03.20"]
[Round "7"]
[White "Moffat, Andrei"]
[Black "Aronov, Yuri"]
[Result "0-1"]
[WhiteElo "2248"]
[BlackElo "2313"]
[PlyCount "72"]
[GameId "2160767909812803"]
[EventDate "2011.01.23"]
[EventType "tourn"]
[EventRounds "7"]
[EventCountry "CAN"]
[SourceTitle "EXT 2022"]
[Source "ChessBase"]
[SourceDate "2021.10.06"]
[SourceVersion "1"]
[SourceVersionDate "2021.10.06"]
[SourceQuality "1"]

1. e4 c5 2. Nf3 e6 3. b4 cxb4 4. d4 Nf6 5. Bd3 d5 6. e5 Ne4 7. O-O b6 8. Qe2 Bb7 9. Nfd2 Nc3 10. Qg4 Ba6 11. a3 Bxd3 12. cxd3 h5 13. Qf3 Nxb1 14. Nxb1 Qh4 15. axb4 Bxb4 16. Na3 Nc6 17. Nb5 O-O 18. Qe3 a6 19. g3 Qg4 20. f3 Qg6 21. Na3 Nxd4 22. Bb2 Nb3 23. Ra2 Rfc8 24. Kg2 Nc5 25. Rd1 Na4 26. Qd4 Nxb2 27. Qxb2 Bxa3 28. Rxa3 Rc6 29. Rd2 Qf5 30. Qd4 f6 31. Re2 b5 32. Raa2 Rac8 33. g4 hxg4 34. fxg4 Qg6 35. Kg3 Rc3 36. Rad2 R8c4 0-1

[Event "Toronto Closed reserves"]
[Site "Toronto CAN"]
[Date "2011.01.23"]
[Round "1"]
[White "Strugach, Alexander"]
[Black "Chernik, Dmitry"]
[Result "1/2-1/2"]
[WhiteElo "1982"]
[BlackElo "1888"]
[PlyCount "81"]
[GameId "2160767909821266"]
[EventDate "2011.01.07"]
[EventType "tourn"]
[EventRounds "4"]
[EventCountry "CAN"]

1. e4 c5 2. Nf3 Nc6 3. Nc3 d6 4. d4 cxd4 5. Nxd4 g6 6. Bc4 Bg7 7. Be3 Nf6 8. Qd2 O-O 9. O-O Ng4 10. Nxc6 bxc6 11. Bg5 Qc7 12. h3 Ne5 13. Be2 Be6 14. Bh6 Bxh6 15. Qxh6 f5 16. exf5 Bxf5 17. Rac1 Qb6 18. g4 Qxb2 19. Qe3 Be6 20. f4 Nf7 21. Rb1 Qa3 22. Qxe6 Qxc3 23. Bd3 Qf6 24. Qxf6 exf6 25. Rb7 Nd8 26. Rd7 d5 27. Re1 a5 28. h4 Nf7 29. Ree7 Rae8 30. h5 Rxe7 31. Rxe7 Kg7 32. hxg6 hxg6 33. Rc7 g5 34. fxg5 fxg5 35. Bf5 Kf6 36. Rxc6+ Ke5 37. Ra6 Nd6 38. Rxa5 Nxf5 39. gxf5 Rxf5 40. c4 Kd4 41. Rxd5+ 1/2-1/2

[Event "Toronto Closed reserves"]
[Site "Toronto CAN"]
[Date "2011.01.30"]
[Round "2"]
[White "Zeromskis, Egidijus"]
[Black "Strugach, Alexander"]
[Result "1-0"]
[WhiteElo "2213"]
[BlackElo "1982"]
[PlyCount "49"]
[GameId "2160767909821268"]
[EventDate "2011.01.07"]
[EventType "tourn"]
[EventRounds "4"]
[EventCountry "CAN"]

1. Nf3 Nf6 2. c4 g6 3. Nc3 Bg7 4. g3 c6 5. Bg2 O-O 6. O-O d5 7. cxd5 cxd5 8. d4 Nc6 9. Bf4 Nh5 10. Be3 Bg4 11. Qd2 Bxf3 12. Bxf3 Nf6 13. Bg5 Ne4 14. Nxe4 dxe4 15. Bxe4 Qxd4 16. Qxd4 Bxd4 17. Rab1 Rac8 18. Rfd1 Bf6 19. Be3 Rfd8 20. b3 a6 21. Bb6 Rxd1+ 22. Rxd1 Bd4 23. Bxd4 Rd8 24. Bxc6 bxc6 25. Rd2 1-0

[Event "Toronto Closed reserves"]
[Site "Toronto CAN"]
[Date "2011.03.06"]
[Round "5"]
[White "Chernik, Dmitry"]
[Black "Zeromskis, Egidijus"]
[Result "0-1"]
[WhiteElo "1888"]
[BlackElo "2213"]
[PlyCount "58"]
[GameId "2160767909821273"]
[EventDate "2011.01.07"]
[EventType "tourn"]
[EventRounds "4"]
[EventCountry "CAN"]
[SourceTitle "EXT 2022"]
[Source "ChessBase"]
[SourceDate "2021.10.06"]
[SourceVersion "1"]
[SourceVersionDate "2021.10.06"]
[SourceQuality "1"]

1. e4 g6 2. d4 Bg7 3. Be3 d6 4. Bd3 c6 5. Ne2 b5 6. c3 Na6 7. d5 Nc7 8. dxc6 e5 9. a4 bxa4 10. Rxa4 a6 11. Bc4 Ne7 12. Bd5 f5 13. f3 fxe4 14. fxe4 Nexd5 15. exd5 O-O 16. Qd2 Qf6 17. Ng3 Bf5 18. Rf1 Rab8 19. b4 Qh4 20. Bg5 Qxh2 21. Nxf5 Rxf5 22. Rxf5 gxf5 23. Qf2 Qh1+ 24. Qf1 Qh5 25. Be7 Qg6 26. Rxa6 Qg3+ 27. Kd2 Nxa6 28. Qxa6 Qxg2+ 29. Qe2 Qxd5+ 0-1

[Event "Toronto-ch Seniors"]
[Site "Toronto CAN"]
[Date "2011.10.18"]
[Round "1"]
[White "Armstrong, Robert J"]
[Black "Frias, Evnato"]
[Result "1-0"]
[WhiteElo "1712"]
[BlackElo "1125"]
[PlyCount "47"]
[GameId "2160767909647893"]
[EventDate "2011.10.18"]
[EventType "tourn"]
[EventRounds "9"]
[EventCountry "CAN"]

1. d4 e6 2. c4 Nc6 3. Nf3 b6 4. e3 Bb7 5. Bd3 Nf6 6. O-O d5 7. Nc3 Bd6 8. b3 h6 9. Bb2 g5 10. h3 g4 11. hxg4 Nxg4 12. cxd5 Nb4 13. Bb5+ c6 14. dxc6 Nxc6 15. d5 exd5 16. Qxd5 Qc7 17. Qe4+ Nge5 18. Nd5 Qb8 19. Nxe5 O-O 20. Qg4+ Kh7 21. Qf5+ Kg8 22. Nf6+ Kg7 23. Nh5+ Kg8 24. Qg4+ 1-0

[Event "Toronto-ch Seniors"]
[Site "Toronto CAN"]
[Date "2011.10.25"]
[Round "2"]
[White "Stein, Mickey"]
[Black "Pishdad, Hassan"]
[Result "1-0"]
[WhiteElo "1999"]
[BlackElo "1325"]
[PlyCount "51"]
[GameId "2160767909647895"]
[EventDate "2011.10.18"]
[EventType "tourn"]
[EventRounds "9"]
[EventCountry "CAN"]

1. e4 c5 2. Nc3 d6 3. Bb5+ Bd7 4. Bxd7+ Nxd7 5. d3 Ngf6 6. f4 e5 7. Nf3 Qe7 8. O-O O-O-O 9. a3 g6 10. b4 Bh6 11. fxe5 Bxc1 12. Qxc1 dxe5 13. Qb2 Qd6 14. Kh1 Rhf8 15. Na4 Kb8 16. Nxc5 Nxc5 17. bxc5 Qxc5 18. Qxe5+ Qd6 19. Qxd6+ Rxd6 20. e5 Rc6 21. exf6 Rxc2 22. Ne5 Kc7 23. Rac1 Rxc1 24. Rxc1+ Kd6 25. Re1 Ke6 26. Nxg6+ 1-0

[Event "Toronto-ch Seniors"]
[Site "Toronto CAN"]
[Date "2011.11.01"]
[Round "3"]
[White "Pishdad, Hassan"]
[Black "Frias, Evnato"]
[Result "1-0"]
[WhiteElo "1325"]
[BlackElo "1241"]
[PlyCount "77"]
[GameId "2160767909647896"]
[EventDate "2011.10.18"]
[EventType "tourn"]
[EventRounds "9"]
[EventCountry "CAN"]

1. d4 d5 2. c4 e6 3. e3 c6 4. Bd3 Nf6 5. Nf3 c5 6. Nc3 Nc6 7. cxd5 Nxd5 8. Bb5 Qb6 9. Bxc6+ bxc6 10. O-O c4 11. Qe2 Ba6 12. Ne5 Nxc3 13. bxc3 Qb5 14. a4 Qb3 15. Bd2 Qb7 16. Qf3 Rc8 17. Rfb1 Qc7 18. e4 Bd6 19. Qg4 Bxe5 20. dxe5 Qxe5 21. Rb2 O-O 22. Rab1 f5 23. exf5 Rxf5 24. Re1 Qf6 25. Re2 Rd8 26. Qg3 e5 27. Qe3 Qe7 28. Ra2 c5 29. Qe4 g6 30. g4 Bb7 31. Qe3 Rg5 32. f3 e4 33. Qxg5 Qxg5 34. Bxg5 Rd1+ 35. Kf2 Rh1 36. Bf4 exf3 37. Re7 Bc6 38. Rd2 Kf8 39. Rxa7 1-0

[Event "Toronto-ch Seniors"]
[Site "Toronto CAN"]
[Date "2011.10.20"]
[Round "5"]
[White "Armstrong, Robert J"]
[Black "Bao, Stephen"]
[Result "0-1"]
[WhiteElo "1712"]
[BlackElo "1820"]
[PlyCount "70"]
[GameId "2160767909647897"]
[EventDate "2011.10.18"]
[EventType "tourn"]
[EventRounds "9"]
[EventCountry "CAN"]

1. d4 Nf6 2. c4 e6 3. Nf3 d5 4. e3 c6 5. Bd3 Bb4+ 6. Bd2 Bxd2+ 7. Qxd2 O-O 8. O-O Nbd7 9. Nc3 a6 10. e4 dxe4 11. Nxe4 Nxe4 12. Bxe4 Nf6 13. Bc2 h6 14. Ne5 c5 15. Rad1 Qc7 16. Qd3 Rd8 17. Qe3 cxd4 18. Rxd4 Rxd4 19. Qxd4 Bd7 20. Rd1 Bc6 21. Nxc6 Qxc6 22. b4 Rc8 23. Qd3 Kf8 24. Bb3 Qc7 25. c5 Ke7 26. a4 Rd8 27. Qxd8+ Qxd8 28. Rxd8 Kxd8 29. Kf1 Ng4 30. f3 Ne5 31. Ke2 Nc6 32. Ke3 Nxb4 33. Ke4 a5 34. g4 Kc7 35. f4 Na6 0-1

[Event "Toronto-ch Seniors"]
[Site "Toronto CAN"]
[Date "2011.11.15"]
[Round "5"]
[White "Pishdad, Hassan"]
[Black "Kornmann, Maxim"]
[Result "1/2-1/2"]
[WhiteElo "1325"]
[BlackElo "1736"]
[PlyCount "85"]
[GameId "2160767909647898"]
[EventDate "2011.10.18"]
[EventType "tourn"]
[EventRounds "9"]
[EventCountry "CAN"]

1. d4 d5 2. c4 e6 3. Nf3 Be7 4. e3 Nf6 5. Nc3 O-O 6. Bd3 c6 7. O-O Nbd7 8. Qc2 h6 9. e4 dxe4 10. Nxe4 Nxe4 11. Bxe4 Nf6 12. Be3 Nxe4 13. Qxe4 f5 14. Qc2 b6 15. Ne5 Qe8 16. f4 Bf6 17. Qd2 Bb7 18. c5 Bxe5 19. fxe5 bxc5 20. dxc5 Ba6 21. Rf3 Qd8 22. Qd6 Bc4 23. Qd4 Qxd4 24. Bxd4 Rfd8 25. Be3 Rd7 26. Rf4 Bd5 27. Rd4 g5 28. b3 Rb8 29. b4 Kg7 30. a3 f4 31. Bf2 Kg6 32. g4 fxg3 33. Bxg3 Rf8 34. Rad1 a6 35. R1d2 Rdf7 36. Rf2 Rxf2 37. Bxf2 Rf3 38. a4 Ra3 39. h4 Ra1+ 40. Kh2 Rh1+ 41. Kg3 gxh4+ 42. Rxh4 Rxh4 43. Kxh4 1/2-1/2

[Event "Toronto-ch Seniors"]
[Site "Toronto CAN"]
[Date "2011.11.29"]
[Round "7"]
[White "Pishdad, Hassan"]
[Black "Armstrong, Robert J"]
[Result "0-1"]
[WhiteElo "1325"]
[BlackElo "1724"]
[PlyCount "50"]
[GameId "2160767909647899"]
[EventDate "2011.10.18"]
[EventType "tourn"]
[EventRounds "9"]
[EventCountry "CAN"]

1. d4 g6 2. c4 Bg7 3. Nc3 Nf6 4. e3 O-O 5. Bd3 d6 6. Nf3 Nc6 7. a3 e5 8. d5 Ne7 9. O-O Nd7 10. Rb1 h6 11. e4 f5 12. exf5 gxf5 13. Bc2 Nf6 14. Bd2 Qe8 15. Nh4 Ng6 16. Nxf5 Bxf5 17. Bxf5 Nh4 18. Be6+ Kh8 19. Kh1 Qg6 20. g3 Nf5 21. Nb5 Ne4 22. Be3 Nxe3 23. fxe3 Nf2+ 24. Rxf2 Rxf2 25. Qg1 Qe4+ 0-1

[Event "Tournament of Champions"]
[Site "Winnipeg CAN"]
[Date "2011.11.01"]
[Round "1"]
[White "Li, Kevin"]
[Black "Delos Santos, Christopher"]
[Result "1-0"]
[WhiteElo "2205"]
[BlackElo "1913"]
[PlyCount "101"]
[GameId "2160767909821205"]
[EventDate "2011.01.11"]
[EventType "swiss"]
[EventRounds "6"]
[EventCountry "CAN"]

1. e4 c6 2. d4 d5 3. Nd2 dxe4 4. Nxe4 Bf5 5. Ng3 Bg6 6. Nf3 Nf6 7. Ne5 Nbd7 8. f4 e6 9. Bc4 Nxe5 10. fxe5 Nd5 11. Bb3 Be7 12. O-O O-O 13. Qg4 b5 14. Bd2 a5 15. a4 b4 16. c4 bxc3 17. bxc3 Rb8 18. Bc4 Rb2 19. Rf2 Nb6 20. Bf1 c5 21. Be3 Rxf2 22. Bxf2 cxd4 23. Bxd4 Nd5 24. Bb5 Bh4 25. Rd1 Bxg3 26. Qxg3 Qc7 27. Rc1 Rb8 28. Qf2 h6 29. Qe2 Nf4 30. Qd2 Nd5 31. Rd1 Rd8 32. Qb2 Qb7 33. Rd2 Nf4 34. Bf1 Rb8 35. Qxb7 Rxb7 36. c4 Be4 37. Bc3 Bc6 38. Rd8+ Kh7 39. g3 Ng6 40. Bd3 Bxa4 41. h4 h5 42. g4 hxg4 43. h5 Bd7 44. hxg6+ fxg6 45. Bxa5 Bc6 46. Be2 Kh6 47. Bxg4 Bd7 48. Bd2+ g5 49. Kf2 Kg6 50. Ke3 Kf7 51. Kd4 1-0

[Event "Tournament of Champions"]
[Site "Winnipeg CAN"]
[Date "2011.11.01"]
[Round "1"]
[White "Mundwiler, Les"]
[Black "Klokow, John"]
[Result "1-0"]
[WhiteElo "2061"]
[BlackElo "1847"]
[PlyCount "116"]
[GameId "2160767909821206"]
[EventDate "2011.01.11"]
[EventType "swiss"]
[EventRounds "6"]
[EventCountry "CAN"]

1. d4 d5 2. c4 c6 3. cxd5 cxd5 4. Nc3 Nf6 5. Nf3 e6 6. Bf4 Bd6 7. Bxd6 Qxd6 8. a3 O-O 9. e3 Bd7 10. Bd3 Nc6 11. Qe2 Rac8 12. Rd1 a6 13. h3 Rfd8 14. O-O e5 15. dxe5 Nxe5 16. Nxe5 Qxe5 17. Bb1 Bf5 18. Bxf5 Qxf5 19. Rd4 Rd7 20. Rfd1 h6 21. Qd2 Rcd8 22. f3 Kf8 23. Qf2 Qe6 24. R4d3 Ke7 25. Ne2 Qb6 26. Nd4 Kf8 27. Rb3 Qd6 28. Qh4 Qe5 29. Rc3 Rc7 30. Rdc1 Rdc8 31. Rxc7 Rxc7 32. Rxc7 Qxc7 33. Qe1 g6 34. Qd2 h5 35. Ne2 Ke7 36. Nc3 Qd7 37. Qd4 Ke6 38. a4 Ke7 39. a5 Qd6 40. Na4 Nd7 41. b4 Qc6 42. Nc3 Ke6 43. e4 dxe4 44. fxe4 Qd6 45. Nd5 Qe5 46. Qc4 Qa1+ 47. Kh2 Qe5+ 48. Nf4+ Ke7 49. g3 Qb2+ 50. Ng2 Qe5 51. Nf4 Kf8 52. Nd3 Qd6 53. e5 Nxe5 54. Nxe5 Qxe5 55. Qc8+ Kg7 56. Qxb7 h4 57. Qg2 hxg3+ 58. Qxg3 Qb5 1-0

[Event "Tournament of Champions"]
[Site "Winnipeg CAN"]
[Date "2011.11.01"]
[Round "1"]
[White "Pottinger, Carl"]
[Black "Moncal, Nilo"]
[Result "0-1"]
[WhiteElo "1901"]
[BlackElo "2107"]
[PlyCount "42"]
[GameId "2160767909821207"]
[EventDate "2011.01.11"]
[EventType "swiss"]
[EventRounds "6"]
[EventCountry "CAN"]

1. c4 Nf6 2. g3 e5 3. Bg2 Nc6 4. Nc3 d6 5. e4 Be6 6. d3 Qd7 7. Nge2 Bh3 8. O-O h5 9. f4 Bxg2 10. Kxg2 h4 11. f5 hxg3 12. hxg3 O-O-O 13. Rh1 Be7 14. Qf1 Nb4 15. Qd1 Rxh1 16. Kxh1 Rh8+ 17. Kg2 g6 18. a3 Na6 19. Qf1 Nc5 20. Ng1 gxf5 21. Bg5 Ng4 0-1

[Event "Tournament of Champions"]
[Site "Winnipeg CAN"]
[Date "2011.11.01"]
[Round "1"]
[White "Schulz, Waldemar"]
[Black "De Groot, Steven"]
[Result "1/2-1/2"]
[WhiteElo "2045"]
[BlackElo "1821"]
[PlyCount "50"]
[GameId "2160767909821208"]
[EventDate "2011.01.11"]
[EventType "swiss"]
[EventRounds "6"]
[EventCountry "CAN"]

1. Nf3 Nf6 2. g3 g6 3. Bg2 Bg7 4. O-O O-O 5. c4 d5 6. d4 dxc4 7. Nc3 c6 8. a4 Nbd7 9. e4 a5 10. Qe2 Nb6 11. h3 Bd7 12. Be3 Qc7 13. Rfd1 Rad8 14. Rac1 h6 15. Rd2 Be6 16. Bf4 Qc8 17. Kh2 g5 18. Be3 g4 19. Ne5 gxh3 20. Bf3 Qc7 21. Bf4 Qc8 22. Qe3 Nbd7 23. Nxd7 Qxd7 24. Bxh6 Bxh6 25. Qxh6 Ng4+ 1/2-1/2

[Event "Tournament of Champions"]
[Site "Winnipeg CAN"]
[Date "2011.11.08"]
[Round "2"]
[White "De Groot, Steven"]
[Black "Delos Santos, Christopher"]
[Result "1/2-1/2"]
[WhiteElo "1821"]
[BlackElo "1913"]
[PlyCount "128"]
[GameId "2160767909821209"]
[EventDate "2011.01.11"]
[EventType "swiss"]
[EventRounds "6"]
[EventCountry "CAN"]

1. e4 e6 2. d4 d5 3. exd5 exd5 4. Nf3 Nf6 5. Bd3 Be7 6. O-O O-O 7. h3 h6 8. Bf4 c5 9. c3 Nc6 10. dxc5 Bxc5 11. Nbd2 Be6 12. Nb3 Bd6 13. Qd2 Bxf4 14. Qxf4 Nh5 15. Qe3 Re8 16. Rfe1 Qf6 17. Nc5 Re7 18. Nxe6 Rxe6 19. Qd2 Rae8 20. Rxe6 Rxe6 21. Re1 Nf4 22. Rxe6 fxe6 23. Qe3 a6 24. Bf1 e5 25. g3 Ng6 26. Bg2 Nce7 27. Qa7 b5 28. Qd7 Qf5 29. Qxf5 Nxf5 30. Ne1 e4 31. Nc2 Nfe7 32. f3 exf3 33. Bxf3 Ne5 34. Be2 Nc4 35. b3 Nd6 36. g4 Ne4 37. c4 Nc3 38. Bd3 dxc4 39. bxc4 Nc6 40. cxb5 axb5 41. Na3 b4 42. Nc2 Kf8 43. Bc4 Ne5 44. Bb3 Nc6 45. Kf2 Ke7 46. Ke3 Nd1+ 47. Ke2 Nc3+ 48. Kd3 Nxa2 49. Bxa2 Kf6 50. Bd5 Ne7 51. Bg2 Ng6 52. Bf1 Kg5 53. Nxb4 Kh4 54. Ke4 Kg3 55. Nc2 Nf4 56. Ne3 g5 57. Nf5+ Kf2 58. Ne3 Kg3 59. Nd5 h5 60. Nxf4 hxg4 61. hxg4 Kxg4 62. Be2+ Kg3 63. Nh5+ Kh4 64. Kf5 g4 1/2-1/2

[Event "Tournament of Champions"]
[Site "Winnipeg CAN"]
[Date "2011.11.08"]
[Round "2"]
[White "Klokow, John"]
[Black "Pottinger, Carl"]
[Result "1-0"]
[WhiteElo "1847"]
[BlackElo "1901"]
[PlyCount "69"]
[GameId "2160767909821210"]
[EventDate "2011.01.11"]
[EventType "swiss"]
[EventRounds "6"]
[EventCountry "CAN"]

1. e4 c5 2. Nf3 d6 3. d4 cxd4 4. Nxd4 Nf6 5. Nc3 g6 6. Be3 Bg7 7. f3 O-O 8. Qd2 Nc6 9. Bc4 Bd7 10. O-O-O Na5 11. Bb3 Rb8 12. Bh6 Bxh6 13. Qxh6 b5 14. h4 Nc4 15. h5 e6 16. g4 Qe8 17. Qg5 Qd8 18. Ndxb5 Bxb5 19. Nxb5 Na5 20. Nxd6 Nxb3+ 21. axb3 Qe7 22. e5 Nd5 23. Qxe7 Nxe7 24. Ne4 Nd5 25. Nf6+ Nxf6 26. exf6 Rb6 27. hxg6 fxg6 28. g5 Rb7 29. Rd6 Rc8 30. Rhd1 h5 31. Rd7 Rb4 32. Rg7+ Kf8 33. Rxg6 Rxb3 34. Rh6 Rxf3 35. Rh8+ 1-0

[Event "Tournament of Champions"]
[Site "Winnipeg CAN"]
[Date "2011.11.08"]
[Round "2"]
[White "Moncal, Nilo"]
[Black "Li, Kevin"]
[Result "0-1"]
[WhiteElo "2107"]
[BlackElo "2205"]
[PlyCount "134"]
[GameId "2160767909821211"]
[EventDate "2011.01.11"]
[EventType "swiss"]
[EventRounds "6"]
[EventCountry "CAN"]

1. e4 c5 2. c3 d5 3. exd5 Qxd5 4. d4 e6 5. Nf3 Nc6 6. Be3 cxd4 7. cxd4 Nf6 8. Nc3 Qa5 9. a3 a6 10. b4 Qd8 11. Bd3 Bd6 12. O-O h6 13. Rc1 O-O 14. h3 Ne7 15. Ne4 Nxe4 16. Bxe4 Nd5 17. Nd2 f5 18. Bxd5 exd5 19. f4 Re8 20. Qb3 Be6 21. Nf3 Qd7 22. Ne5 Bxe5 23. fxe5 g5 24. Bd2 Rac8 25. h4 f4 26. hxg5 hxg5 27. Rxc8 Rxc8 28. Bxf4 gxf4 29. Rxf4 Rf8 30. Rh4 Qg7 31. Qe3 Rf5 32. Rh6 Rf3 33. Qd2 Rd3 34. Qxd3 Qxh6 35. Qc3 Qg7 36. a4 Qd7 37. a5 Kf7 38. Kh2 Ke8 39. Qc5 Qc6 40. Qa7 Qc7 41. Qa8+ Qc8 42. Qxc8+ Bxc8 43. Kg3 Kf7 44. Kf4 Kg6 45. e6 Kf6 46. e7 Kxe7 47. Ke5 Be6 48. g4 Bxg4 49. Kxd5 Bd1 50. Kc5 Bg4 51. b5 axb5 52. Kxb5 Be2+ 53. Kc5 Ke6 54. d5+ Kd7 55. Kb6 Kc8 56. Kc5 Kc7 57. d6+ Kd7 58. Kd5 Ba6 59. Ke5 Kc6 60. Ke6 Be2 61. Ke5 Bg4 62. a6 b5 63. Kd4 Kb6 64. a7 Kxa7 65. Kc5 Bd7 66. Kb4 Kb6 67. Kc3 Kc6 0-1

[Event "Tournament of Champions"]
[Site "Winnipeg CAN"]
[Date "2011.11.08"]
[Round "2"]
[White "Nikouline, Alexandre"]
[Black "Lipic, Stephen"]
[Result "1-0"]
[WhiteElo "2053"]
[BlackElo "1834"]
[PlyCount "153"]
[GameId "2160767909821212"]
[EventDate "2011.01.11"]
[EventType "swiss"]
[EventRounds "6"]
[EventCountry "CAN"]

1. e4 c6 2. d4 d5 3. e5 Bf5 4. Nc3 e6 5. g4 Bg6 6. h4 h5 7. g5 c5 8. Bd3 Bxd3 9. Qxd3 cxd4 10. Nb5 Nc6 11. Nf3 Qb6 12. Nbxd4 Bc5 13. Be3 Nge7 14. g6 Nxg6 15. Nxe6 Bxe3 16. fxe3 Ngxe5 17. Nxe5 Nxe5 18. Qb5+ Qxb5 19. Nc7+ Ke7 20. Nxb5 Rhc8 21. O-O-O Rc5 22. Nd4 g6 23. Nb3 Rb5 24. a4 Rb4 25. Rxd5 Ng4 26. Nc5 b6 27. Nb3 Rc8 28. Kb1 Rxa4 29. Rhd1 Rc7 30. Nd4 Rac4 31. Nb5 Rb7 32. Nd6 Rcc7 33. Nxb7 Rxb7 34. R1d3 Ke6 35. Rd6+ Ke7 36. Kc1 Nxe3 37. R6d4 Nf5 38. Ra4 b5 39. Re4+ Kf6 40. Kd2 a6 41. Rd5 Rb6 42. Rd7 Rc6 43. c3 Rb6 44. Ra7 Rd6+ 45. Kc2 Rc6 46. Kb3 Rd6 47. Kb4 Rd2 48. Rxa6+ Kg7 49. b3 Rh2 50. Kxb5 Nxh4 51. c4 Nf5 52. c5 h4 53. Kb6 h3 54. Ra1 Rb2 55. b4 h2 56. c6 Nd6 57. Rd4 Nc8+ 58. Kb7 Ne7 59. c7 Rc2 60. Rd7 Kf6 61. b5 g5 62. Rxe7 Kxe7 63. c8=Q Rxc8 64. Kxc8 g4 65. b6 g3 66. b7 g2 67. b8=Q g1=Q 68. Qe5+ Kf8 69. Qh8+ Ke7 70. Qd8+ Ke6 71. Ra6+ Ke5 72. Qd6+ Ke4 73. Ra4+ Kf3 74. Qf4+ Kg2 75. Ra2+ Kh3 76. Ra3+ Kg2 77. Qf3# 1-0

[Event "Tournament of Champions"]
[Site "Winnipeg CAN"]
[Date "2011.11.08"]
[Round "2"]
[White "Zaczek, Jonathon"]
[Black "Mundwiler, Les"]
[Result "1-0"]
[WhiteElo "2277"]
[BlackElo "2061"]
[PlyCount "99"]
[GameId "2160767909821213"]
[EventDate "2011.01.11"]
[EventType "swiss"]
[EventRounds "6"]
[EventCountry "CAN"]

1. e4 e5 2. Nf3 Nc6 3. Bb5 Nd4 4. Nxd4 exd4 5. O-O c6 6. Bc4 Nf6 7. Re1 d5 8. exd5+ Be7 9. d3 O-O 10. Bg5 cxd5 11. Bb3 Bg4 12. Qc1 Bb4 13. Re5 Qc7 14. Bxf6 gxf6 15. Rg5+ fxg5 16. Qxg5+ Kh8 17. Qf6+ Kg8 18. Qxd4 Qe7 19. Qxg4+ Kh8 20. Qd4+ Kg8 21. Nc3 Bxc3 22. bxc3 Rfe8 23. g3 b6 24. Bxd5 Rad8 25. Qg4+ Kh8 26. Qf5 f6 27. Be4 Qg7 28. d4 Rc8 29. Qf3 Rc7 30. Bf5 Qh6 31. Rd1 Rce7 32. Kg2 Re2 33. d5 Rd2 34. Rxd2 Qxd2 35. Be6 Qh6 36. Qd3 Qf8 37. Qf5 Rd8 38. h4 Kg7 39. g4 Kh8 40. f4 Qg7 41. Kf3 Rd6 42. g5 fxg5 43. hxg5 Qxc3+ 44. Kg4 Qg7 45. Qe5 Rd8 46. Kf5 Rf8+ 47. Ke4 a5 48. d6 b5 49. d7 b4 50. Kd5 1-0

[Event "Tournament of Champions"]
[Site "Winnipeg CAN"]
[Date "2011.11.15"]
[Round "3"]
[White "Li, Kevin"]
[Black "Zaczek, Jonathon"]
[Result "1/2-1/2"]
[WhiteElo "2203"]
[BlackElo "2277"]
[PlyCount "74"]
[GameId "2160767909821214"]
[EventDate "2011.01.11"]
[EventType "swiss"]
[EventRounds "6"]
[EventCountry "CAN"]

1. e4 c5 2. Nf3 d6 3. d4 cxd4 4. Qxd4 Nc6 5. Bb5 Bd7 6. Bxc6 Bxc6 7. Nc3 Nf6 8. Bg5 e6 9. O-O-O Be7 10. Rhe1 Qa5 11. Kb1 O-O-O 12. Bd2 Qc5 13. Qxc5 dxc5 14. Ne5 Be8 15. Be3 b6 16. h3 Bd6 17. Nc4 Bc7 18. Rxd8+ Kxd8 19. Rd1+ Kc8 20. Nd6+ Bxd6 21. Rxd6 Bd7 22. a4 Ne8 23. Rd2 Bc6 24. f3 Nc7 25. b3 Rd8 26. Kc1 Rxd2 27. Kxd2 e5 28. f4 exf4 29. Bxf4 Ne6 30. Bh2 Nd4 31. Be5 Ne6 32. Nd5 Kb7 33. c4 a6 34. h4 h5 35. g3 b5 36. axb5 axb5 37. Kd3 Ka6 1/2-1/2